| 000 | 00395nam a22001337a 4500 | ||
|---|---|---|---|
| 020 | _a0-592-02847-X | ||
| 082 | _a621.381528 AMO'P | ||
| 100 |
_aAMOS, S. W _957358 |
||
| 245 | _aPRINCIPLES OF TRANSISTOR CIRCUITS ,INTRODUCTION TO THE DESIGN OF AMPLIFIERS RECEIVERS AND OTHER CIRCUITS | ||
| 260 |
_aLONDON _bILIFFE _c1969 |
||
| 300 | _a310P | ||
| 650 |
_aTRANSISTOR CIRCUITS _914991 |
||
| 942 | _cBK | ||
| 999 |
_c567648 _d567648 |
||